000 00616nam a2200193Ia 4500
003 GCL
008 140319s9999 xx 000 0 ara d
040 _aGCL /
_cGCL
082 0 4 _a686
_bع ط
100 1 _aعبدالرءوف فضل الله بدوى
245 1 0 _aالطباعة تاريخ وصناعة /
_cعبدالرءوف فضل الله بدوى
300 _a175 ص
490 _aالهيئة العامة للاستعلامات
_v0
650 0 4 _aالورق
650 0 4 _aالطباعة
650 0 4 _aالطباعة - تاريخ
650 0 4 _aالطباعة - صناعة وتجارة
942 _2ddc
_cBK
999 _c47988
_d47988